|
|
|
|
| LEADER |
00717ntm a2200157 i 4500 |
| 001 |
misc71068 |
| 005 |
20241129160850.0 |
| 008 |
230314s1937 hu o 000 hun d |
| 040 |
|
|
|a SZTE Miscellanea Repozitórium
|b hun
|
| 041 |
|
|
|a hun
|
| 245 |
0 |
2 |
|a A Duna-Tiszaközi Mezőgazdasági Kamara gratuláló levele Szent-Györgyi Alberthez. Gesztelyi Nagy László igazgató és az alelnök aláírásával
|h [elektronikus dokumentum]
|
| 260 |
|
|
|c 1937-12-22
|
| 300 |
|
|
|a 1 fol.
|
| 561 |
|
|
|a Szent-Györgyi Albert gratuláló levelek
|
| 695 |
|
|
|a Levelezés - Duna-Tiszaközi Mezőgazdasági Kamara - Szent-Györgyi Albert, Nobel-díj - 1937
|
| 856 |
4 |
0 |
|u http://misc.bibl.u-szeged.hu/71068/1/gratulalo_levelek_032.pdf
|z Dokumentum-elérés
|